| 000 | 00618nam a2200193 a 4500 | ||
|---|---|---|---|
| 005 | 20140310183516.0 | ||
| 008 | 110110s19uu xx 00 eng d | ||
| 020 | _a978439109083 | ||
| 050 |
_aLC 32 _b.B3 2009 |
||
| 100 | _aBach, James | ||
| 245 |
_aSecrets of a buccaneer-scholar : _bhow self-education and the pursuit of passion can lead toa lifetime of success / _cJames Bach. |
||
| 260 |
_aNew York : _bScribner, _c2009. |
||
| 300 |
_a195 p. : _c22 cm. |
||
| 521 | _aEDU | ||
| 650 | _aSelf-culture-United States. | ||
| 650 | _aHigh-school dropouts- United States. | ||
| 942 |
_cBK _2lcc _kFOR |
||
| 999 |
_c24292 _d24292 |
||